000
00332 a2200145 4500
001
71172
020
_a
040
_c
Anchieta - Colégio São Paulo
240
1
0
_a
As roupas novas do Imperador
_l
por
245
1
0
_a
As roupas novas do Imperador
300
_a
16
362
0
_a
0
650
4
_a
Literatura infanto-juvenil
942
_c
BK
999
_c
71172
_d
71172